000 00283nam a2200109Ia 4500
008 230302s9999 xx 000 0 und d
082 _a005.3HUM
100 _aHUMPHERY (Watts)
245 _aIntroduction to the Team Software Process
260 _aNEW DELHI
_b PEARSON
365 _cRS
999 _c147708
_d147708